=LDR 00000nam 2200000 4500 =001 000823 =005 20250712120637 =035 ##$$a 0010-0725000693 =007 ta =008 250712################a##########0#ind## =020 ##$$a 978-623- 118-836-6 =082 ##$$a 398.209 598 =084 ##$$a 398.209 598 NAB m =100 #$$a Handayani, Dyah Wahyuningaih =245 1#$$a Hebat, Lopo! /$c Dyah Suroyya =250 ##$$a Cetakan kedua =260 ##$$a Jakarta :$b Kemendikbud,$c 2023 =300 ##$$a 24 hlm. : $b Ilus. ; $c 29,7 cm =650 #4$$a Cerita anak-indonesia =650 #4$$a Kesusastraan anak